书目信息 |
| 题名: |
中国观赏园艺研究进展
|
|
| 作者: | 张启翔 主编 | |
| 分册: | 2013 | |
| 出版信息: | 北京 中国林业出版社 2013 |
|
| 页数: | 673页 | |
| 开本: | 29cm | |
| 丛书名: | ||
| 单 册: | ||
| 中图分类: | S68-53 | |
| 科图分类: | ||
| 主题词: | 观赏园艺--文集 , 观赏园艺 | |
| 电子资源: | ||
| ISBN: | 978-7-5038-7125-2 | |
| 000 | 00961nam0 2200241 450 | |
| 001 | 140857 | |
| 005 | 20140929153523.68 | |
| 010 | @a978-7-5038-7125-2@dCNY 120.00 | |
| 100 | @a20130910d2013 em y0chiy50 ea | |
| 101 | 0 | @achi@deng |
| 102 | @aCN@b110000 | |
| 105 | @aa z 000yy | |
| 200 | 1 | @a中国观赏园艺研究进展@Azhong guo guan shang yuan yi yan jiu jin zhan@h2013@h2013@b专著@dAdvances in ornamental horticulture of China@f张启翔主编@zeng |
| 210 | @a北京@c中国林业出版社@d2013 | |
| 215 | @a673页@c图@d29cm | |
| 330 | @a本书收集了我国近年观赏园艺领域的研究成果及发展趋势的论文100余篇,涵盖种质资源、引种与育种、栽培生理、繁殖技术、抗性生理、有害生物控制、花卉产业与经营、应用研究等方面。 | |
| 510 | 1 | @aAdvances in ornamental horticulture of China@h2013@zeng |
| 606 | 0 | @a观赏园艺@j文集 |
| 606 | 0 | @a观赏园艺 |
| 690 | @aS68-53@v5 | |
| 701 | 0 | @a张启翔@Azhang qi xiang@f(1956.12 )@4主编 |
| 801 | 0 | @aCN@bZL@c20140929 |
| 905 | @a241430@dS68-53@eZ150 | |
| 中国观赏园艺研究进展.2013.2013=Advances in ornamental horticulture of China/张启翔主编.-北京:中国林业出版社,2013 |
| 673页:图;29cm |
| ISBN 978-7-5038-7125-2:CNY 120.00 |
| 本书收集了我国近年观赏园艺领域的研究成果及发展趋势的论文100余篇,涵盖种质资源、引种与育种、栽培生理、繁殖技术、抗性生理、有害生物控制、花卉产业与经营、应用研究等方面。 |
| ● |
| 相关链接 |
|
|
|
正题名:中国观赏园艺研究进展
索取号:S68-53/Z150
 
预约/预借
| 序号 | 登录号 | 条形码 | 馆藏地/架位号 | 状态 | 备注 |
| 1 | 0836344 | 208363448 | 自科库401/401自科库 68排1列1层/ [索取号:S68-53/Z150] | 在馆 |